Yagnam and other stories / (Record no. 160359)

MARC details
000 -LEADER
fixed length control field 00439nam a22001697a 4500
005 - DATE AND TIME OF LATEST TRANSACTION
control field 20190128120648.0
010 ## - LCCN (DPL NO)
LC control number B-227144
020 ## - INTERNATIONAL STANDARD BOOK NUMBER
International Standard Book Number 8126023201
Terms of availability 175.00
035 ## - SYSTEM CONTROL NUMBER
System control number B-227144
037 ## - SOURCE OF ACQUISITION
Source of stock number/acquisition Sahitya Akademi
082 ## - DEWEY DECIMAL CLASSIFICATION NUMBER
Classification number S
100 ## - MAIN ENTRY--PERSONAL NAME
Personal name Rao, Kalipatnam Rama
245 ## - TITLE STATEMENT
Title Yagnam and other stories /
Statement of responsibility, etc Kalipatnam Rama Rao
260 ## - PUBLICATION, DISTRIBUTION, ETC. (IMPRINT)
Place of publication, distribution, etc New Delhi
Name of publisher, distributor, etc Sahitya Akademi
Date of publication, distribution, etc 2007
300 ## - PHYSICAL DESCRIPTION
Extent 341p.
Dimensions 22cm(hbk)
942 ## - ADDED ENTRY ELEMENTS (KOHA)
Source of classification or shelving scheme Dewey Decimal Classification
Item type English Books
Classification part S
Call number suffix RAO
Holdings
Withdrawn status Lost status Not for loan Collection code Home library Current library Date acquired Full call number Barcode Koha item type
      Fiction Sarojini Nagar Sarojini Nagar 28/01/2019 S RAO B-227144 English Books

© Delhi Public Library
Hit Counter
free hit counter